Principles of mathematical analysis (Record no. 336)
[ view plain ]
| 000 -LEADER | |
|---|---|
| fixed length control field | 00413nam a2200157Ia 4500 |
| 008 - FIXED-LENGTH DATA ELEMENTS--GENERAL INFORMATION | |
| fixed length control field | 230711s9999||||xx |||||||||||||| ||und|| |
| 020 ## - INTERNATIONAL STANDARD BOOK NUMBER | |
| International Standard Book Number | 978-1-25-906478-4 |
| 041 ## - LANGUAGE CODE | |
| Language code of text/sound track or separate title | ENG |
| 082 ## - DEWEY DECIMAL CLASSIFICATION NUMBER | |
| Classification number | 510 |
| Item number | RU-M |
| 100 ## - MAIN ENTRY--PERSONAL NAME | |
| Personal name | Walter,Rudin |
| 245 #0 - TITLE STATEMENT | |
| Title | Principles of mathematical analysis |
| 250 ## - EDITION STATEMENT | |
| Edition statement | 3rd Ed. |
| 260 ## - PUBLICATION, DISTRIBUTION, ETC. | |
| Date of publication, distribution, etc. | 2013 |
| Place of publication, distribution, etc. | New York |
| Name of publisher, distributor, etc. | McGraw Hill Education(India) Private Limited |
| 650 ## - SUBJECT ADDED ENTRY--TOPICAL TERM | |
| Topical term or geographic name entry element | Mathematics |
| 942 ## - ADDED ENTRY ELEMENTS (KOHA) | |
| Koha item type | Book |
| Withdrawn status | Lost status | Damaged status | Not for loan | Collection | Home library | Current library | Date acquired | Total checkouts | Full call number | Barcode | Date last seen | Date last checked out | Price effective from | Koha item type |
|---|---|---|---|---|---|---|---|---|---|---|---|---|---|---|
| MRSPTU Central Library | MRSPTU Central Library | 2 | 510 RU-M | 1791 | 11/27/2025 | 11/14/2025 | 08/17/2023 | Book | ||||||
| MRSPTU Central Library | MRSPTU Central Library | 510 RU-M | 1792 | 08/17/2023 | 08/17/2023 | Book | ||||||||
| MRSPTU Central Library | MRSPTU Central Library | 510 RU-M | 2674 | 08/17/2023 | 08/17/2023 | Book | ||||||||
| MRSPTU Central Library | MRSPTU Central Library | 3 | 510 RU-M | 2675 | 10/22/2024 | 09/24/2024 | 08/17/2023 | Book | ||||||
| MRSPTU Central Library | MRSPTU Central Library | 510 RU-M | 2676 | 08/17/2023 | 08/17/2023 | Book | ||||||||
| MRSPTU Central Library | MRSPTU Central Library | 1 | 510 RU-M | 2677 | 08/20/2024 | 08/05/2024 | 08/17/2023 | Book | ||||||
| MRSPTU Central Library | MRSPTU Central Library | 1 | 510 RU-M | 2678 | 08/28/2024 | 08/05/2024 | 08/17/2023 | Book | ||||||
| MRSPTU Central Library | MRSPTU Central Library | 510 RU-M | 3377 | 08/17/2023 | 08/17/2023 | Book | ||||||||
| MRSPTU Central Library | MRSPTU Central Library | 2 | 510 RU-M | 3378 | 10/23/2025 | 09/17/2025 | 08/17/2023 | Book | ||||||
| MRSPTU Central Library | MRSPTU Central Library | 2 | 510 WA-P | 4298 | 11/20/2025 | 11/07/2025 | 08/17/2023 | Book | ||||||
| MRSPTU Central Library | MRSPTU Central Library | 4 | 510 WA-P | 4299 | 08/29/2025 | 08/07/2025 | 08/17/2023 | Book | ||||||
| MRSPTU Central Library | MRSPTU Central Library | 510 WA-P | 4300 | 08/17/2023 | 08/17/2023 | Book | ||||||||
| MRSPTU Central Library | MRSPTU Central Library | 3 | 510 WA-P | 4301 | 12/29/2025 | 11/20/2025 | 08/17/2023 | Book | ||||||
| MRSPTU Central Library | MRSPTU Central Library | 510 WA-P | 4302 | 08/17/2023 | 08/17/2023 | Book | ||||||||
| MRSPTU Central Library | MRSPTU Central Library | 515 RU-M | 31289 | 08/17/2023 | 08/17/2023 | Book | ||||||||
| MRSPTU Central Library | MRSPTU Central Library | 510 RU-M | PBB1791 | 08/17/2023 | 08/17/2023 | Book | ||||||||
| MRSPTU Central Library | MRSPTU Central Library | 510 RU-M | PBB1792 | 08/17/2023 | 08/17/2023 | Book |
